|
|
|
|
| LEADER |
00000nab a2200000 a 4500 |
| 001 |
vtls000390956 |
| 003 |
SK-MaSNL |
| 005 |
20260304181013.0 |
| 008 |
230302c1990 xo 0 slo |
| 015 |
|
|
|a SNBRB19rr/mm-uuuuu
|
| 035 |
|
|
|a CL0391080
|
| 035 |
|
|
|a urn:nbn:sk:snk-abengl
|
| 035 |
|
|
|a (urnnbn)urn:nbn:sk:snk:ar-0007sn
|
| 035 |
|
|
|a (uuid)68d92598-108b-4097-844e-85a243becee6
|
| 040 |
|
|
|a SNKBUCL
|b slo
|c SNKBUCL
|e AACR2
|
| 041 |
0 |
|
|a slo
|
| 044 |
|
|
|a xo
|c SK
|
| 080 |
|
|
|a 82:301
|2 1981
|
| 080 |
|
|
|a 301
|2 1981
|
| 080 |
|
|
|a 885.4
|2 1981
|
| 080 |
|
|
|a 061.3
|2 1981
|
| 100 |
1 |
|
|a Šimečka, Martin M.,
|d 1957-
|4 aut
|9 21215
|
| 245 |
1 |
0 |
|a Vážení prítomní... /inc./
|c Martin M. Šimečka
|
| 500 |
|
|
|a Pod spoloč. názvom Situácia literatúry (Budmerice 89).
|
| 650 |
0 |
7 |
|a slovenská literatúra
|2 snkbucl
|9 1115
|
| 650 |
0 |
7 |
|a literatúra a spoločnosť
|2 snkbucl
|9 64420
|
| 655 |
|
7 |
|a články z novín a časopisov
|2 snkbucl
|9 267496
|
| 655 |
|
7 |
|a články z odboru literárna veda a krásna literatúra
|2 snkbucl
|9 770045
|
| 773 |
0 |
|
|t Slovenské pohľady
|g Roč. 106, č. 7 (1990), s. 98-99
|
| 850 |
|
|
|a Slovenská národná knižnica v Martine
|a MTA001
|
| 852 |
|
|
|a SNK
|b KIS3GCP
|
| 958 |
|
|
|a RK
|
| 958 |
|
|
|a LX
|
| 958 |
|
|
|a OND
|
| 958 |
|
|
|a EUIPO
|
| 958 |
|
|
|a article27
|
| 992 |
|
|
|a RBX
|
| 999 |
|
|
|c 3021189
|d 3023119
|